The influence that technological tools have on anxiety levels of english teachers during online class
De acuerdo con el resumen, esta investigación busca identificar la posible influencia que las herramientas tecnológicas pudieron tiene en un grupo de profesores de inglés de Costa Rica durante la pandemia de COVID-19
Guardat en:
| Autor principal: | |
|---|---|
| Format: | Llibre |
| Idioma: | Spanish |
| Publicat: |
San José, Costa Rica
Universidad de Costa Rica, Escuela de Formación, Escuela de Lenguas Modernas
2023
|
| Matèries: | |
| Etiquetes: |
Afegir etiqueta
Sense etiquetes, Sigues el primer a etiquetar aquest registre!
|
MARC
| LEADER | 00000nam a22000007a 4500 | ||
|---|---|---|---|
| 008 | 181030b xxu||||| |||| 00| 0 spa d | ||
| 040 | |a cru BVZT | ||
| 090 | |a TESIS 1007 | ||
| 100 | |a Hidalgo Quirós, Natalia; Ugalde Jiménez, Nathalia; López Carvajal, Óscar |9 2151 | ||
| 245 | |a The influence that technological tools have on anxiety levels of english teachers during online class |c / Natalia Hidalgo Quirós; Nathalia Ugalde Jiménez; Óscar López Carvajal | ||
| 260 | |a San José, Costa Rica |b Universidad de Costa Rica, Escuela de Formación, Escuela de Lenguas Modernas |c 2023 | ||
| 300 | |a 41 páginas | ||
| 520 | |a De acuerdo con el resumen, esta investigación busca identificar la posible influencia que las herramientas tecnológicas pudieron tiene en un grupo de profesores de inglés de Costa Rica durante la pandemia de COVID-19 | ||
| 650 | |a TRABAJO FINAL DE GRADUACIÓN |9 237 | ||
| 650 | |a TESIS DE LICENCIATURA EN ENSEÑANZA DEL INGLÉS COMO LENGUA EXTRANJERA |9 2152 | ||
| 650 | |a HERRAMIENTA TECNOLÓGICA |9 2153 | ||
| 650 | |a NIVELES DE ANSIEDAD |9 2196 | ||
| 650 | |a PROFESORES DE INGLÉS |9 2197 | ||
| 650 | |a CLASES VIRTUALES |9 1629 | ||
| 650 | |a PANDEMIA COVID-19 |9 2302 | ||
| 650 | |a PROFESORES DE SECUNDARI |9 2304 | ||
| 650 | |a EMOCIONES DE LOS DOCENTES |9 2306 | ||
| 942 | |2 z |c TFG |i 1409TES |h TESIS 1007 |6 TESIS_1007_1409TES | ||
| 999 | |c 31075 |d 31075 | ||
